La Revolución de Octubre (Record no. 15476)

MARC details
000 -LEADER
campo de control de longitud fija 01281nam a2200313 i 4500
001 - NÚMERO DE CONTROL
campo de control 15476
003 - IDENTIFICADOR DE NÚMERO DE CONTROL
campo de control ES-MaACL
005 - FECHA Y HORA DE LA ÚLTIMA TRANSACCIÓN
campo de control 20250912063034.0
007 - CAMPO FIJO DE DESCRIPCIÓN FÍSICA--INFORMACIÓN GENERAL
campo de control de longitud fija t|
008 - DATOS DE LONGITUD FIJA--INFORMACIÓN GENERAL
campo de control de longitud fija 000322s1994 sp |||| | spa d
020 ## - NÚMERO INTERNACIONAL ESTÁNDAR DEL LIBRO
Número Internacional Estándar del Libro 84-86864-14-3
080 ## - NÚMERO DE LA CLASIFICACIÓN DECIMAL UNIVERSAL
Número de la Clasificación Decimal Universal 946.012"1934"
080 ## - NÚMERO DE LA CLASIFICACIÓN DECIMAL UNIVERSAL
Número de la Clasificación Decimal Universal 327.32(460.12)"1934"
100 1# - ENTRADA PRINCIPAL--NOMBRE DE PERSONA
Nombre de persona Solano Palacio, Fernando.
9 (RLIN) 107089
245 13 - MENCIÓN DEL TÍTULO
Título La Revolución de Octubre
Resto del título : quince días de comunismo libertario /
Mención de responsabilidad, etc. Fernando Solano Palacio ; corolario, Federica Montseny ; edición, estudio preliminar y notas, Emilio J. García Wiedemann y Juan Antonio Moya Corral.
260 ## - PUBLICACIÓN, DISTRIBUCIÓN, ETC.
Lugar de publicación, distribución, etc. Madrid :
Nombre del editor, distribuidor, etc. Fundación de Estudios Libertarios Anselmo Lorenzo,
Fecha de publicación, distribución, etc. [1994]
300 ## - DESCRIPCIÓN FÍSICA
Extensión 198 p. ;
Dimensiones 20 cm.
490 1# - MENCIÓN DE SERIE
Mención de serie Testimonios (Fundación Anselmo Lorenzo) ;
Designación de volumen o secuencia 2
650 #7 - PUNTO DE ACCESO ADICIONAL DE MATERIA--TÉRMINO DE MATERIA
Término de materia o nombre geográfico como elemento de entrada Movimiento obrero-
Subdivisión geográfica Asturias (Comunidad Autónoma)
9 (RLIN) 158228
651 ## - PUNTO DE ACCESO ADICIONAL DE MATERIA--NOMBRE GEOGRÁFICO
Nombre geográfico España-
Subdivisión general Historia-
Subdivisión cronológica 1934, Revolución de octubre.
9 (RLIN) 149447
700 1# - ENTRADA AGREGADA--NOMBRE PERSONAL
Nombre de persona Montseny, Federica,
Fechas asociadas al nombre 1905-1994
9 (RLIN) 240807
700 1# - ENTRADA AGREGADA--NOMBRE PERSONAL
Nombre de persona García Wiedemann, Emilio J.
9 (RLIN) 55423
700 1# - ENTRADA AGREGADA--NOMBRE PERSONAL
Nombre de persona Moya Corral, Juan Antonio.
9 (RLIN) 83967
710 2# - ENTRADA AGREGADA--NOMBRE DE ENTIDAD CORPORATIVA
Nombre de entidad corporativa o nombre de jurisdicción como elemento de entrada Fundación Anselmo Lorenzo.
9 (RLIN) 4216
830 1# - PUNTO DE ACCESO ADICIONAL DE SERIE-TÍTULO UNIFORME
Título uniforme Testimonios (Fundación Anselmo Lorenzo) ;
Designación de volumen o secuencia 2
9 (RLIN) 242246
852 ## - LOCALIZACIÓN
Ubicación ES-MaACL
Número de control de estantería G-2111
942 ## - ELEMENTOS DE ENTRADA SECUNDARIOS (KOHA)
Fuente del sistema de clasificación o colocación Clasificación decimal universal
Holdings
Estatus retirado Estado de pérdida Estado de daño No para préstamo Biblioteca de origen Biblioteca actual Ubicación en estantería Fecha de adquisición Fuente de adquisición Total de préstamos Signatura topográfica completa Código de barras Visto por última vez Precio de reemplazo Tipo de ítem Koha
        Biblioteca del Ateneo de Madrid Biblioteca del Ateneo de Madrid Depósito 2 17/01/2008     G-2111 1015733 23/02/2023 23/02/2023 Libro impreso